[Event "Lippe Cup 04th"]
[Site "Lieme"]
[Date "2007.09.29"]
[Round "2"]
[White "Hilverda, Jan"]
[Black "Neudorf, Lukas"]
[Result "0-1"]
[WhiteElo "782"]
[BlackElo "1432"]
[PlyCount "102"]
[EventDate "2007.09.28"]
[EventType "swiss"]
[EventRounds "5"]
[EventCountry "GER"]
[SourceTitle "EXT 2012"]
[Source "ChessBase"]
[SourceDate "2011.11.24"]
[SourceVersion "1"]
[SourceVersionDate "2011.11.24"]
[SourceQuality "1"]

1. e4 e5 2. Nf3 Nf6 3. d4 exd4 4. Nxd4 Bc5 5. Nc3 Qe7 6. Qd3 d5 7. e5 Qxe5+ 8. Be3 0-0 9. 0-0-0 c6 10. f4 Qe7 11. Na4 Bd6 12. Re1 Bxf4 13. g3 Bh6 14. Bg2 Bxe3+ 15. Rxe3 Qd6 16. Rhe1 Bd7 17. Nf5 Bxf5 18. Qxf5 Na6 19. Rd1 Rfe8 20. Rxe8+ Rxe8 21. a3 Qe6 22. Qf2 Qe3+ 23. Qxe3 Rxe3 24. Kd2 Re8 25. Bf3 Ne4+ 26. Bxe4 Rxe4 27. Re1 f5 28. Nc3 Rxe1 29. Kxe1 Nc5 30. b4 Ne4 31. Ne2 a6 32. Nd4 g6 33. Ne6 h6 34. Nd8 Nd6 35. Ne6 Kf7 36. Nd4 Kf6 37. Nf3 Nc4 38. a4 Na3 39. Kd2 Nc4+ 40. Kd3 Ne5+ 41. Ke3 Nxf3 42. Kxf3 Ke5 43. c3 g5 44. a5 d4 45. c4 g4+ 46. Ke2 Ke4 47. Kd2 h5 48. Ke2 f4 49. gxf4 Kxf4 50. Kd3 Ke5 51. h4 g3 0-1